000 00817nam a2200229 i 4500
001 142486
003 ES-MaACL
005 20230906200532.0
007 t|
008 071005s1986 sp ||||1| spa d
020 _a84-7398-402-1
100 1 _aWitker, Jorge.
_9117166
245 1 0 _aCómo elaborar una tesis en derecho
_b: ; pautas metodológicas y técnicas para el estudiante o investigador del derecho /
_cJorge Witker ; adaptación a la normativa española por Germán Porras Olalla.
250 _a1ª ed.
260 _aMadrid :
_bCivitas,
_c1986.
300 _a148 p. ;
_c20 cm.
490 1 _aFormularios y manuales prácticos
700 1 _aPorras Olalla, Germán.
_993158
830 0 _aFormularios y manuales prácticos
_9187243
852 _aES-MaACL
_jL-10691
_bR.112071
999 _c142486
_d142486